Statistiken für Pokémon Gen 4 fusioniert

Klicken Sie hier um das Quiz zu spielen!

Allgemein

  • Dieses Quiz wurde 119 mal gespielt
  • Das Durchschnittsergebnis liegt bei 12 aus 16

Antwortstatistiken

Antwort% Korrekt
Burmy Plinfa
95%
Kryppuk Lucario
95%
Bamelin Knospi
82%
Rotom Snibunna
81%
Frosdedje Sheinux
79%
Toxiquak Yanmega
78%
Vesprit Venuflibis
78%
Elevoltek Zwirrfinst
77%
Bronzel Hippoterus
75%
Darkrai Pliprin
74%
Panpyro Schalellos
74%
Piondragi Regigigas
72%
Ambidiffel Wadribie
71%
Kaumalat Pantimimi
69%
Bronzong Mamutel
63%
Schnurgarst Zirpeise
57%

Verteilung der Resultate

Perzentil nach korrekt beantworteten Fragen

Anzahl Personen mit jedem Resultat

Ihre Resultats-Entwicklung

Sie haben dieses Quiz noch nicht gespielt